El africano : (Record no. 160555)
[ view plain ]
| 000 -LEADER | |
|---|---|
| campo de control de longitud fija | 01192nam a22002535i 4500 |
| 001 - NÚMERO DE CONTROL | |
| campo de control | 160555 |
| 003 - IDENTIFICADOR DE NÚMERO DE CONTROL | |
| campo de control | ES-MaACL |
| 005 - FECHA Y HORA DE LA ÚLTIMA TRANSACCIÓN | |
| campo de control | 20250824052158.0 |
| 008 - DATOS DE LONGITUD FIJA--INFORMACIÓN GENERAL | |
| campo de control de longitud fija | 020201s1892 sp |||| | spa d |
| 040 ## - FUENTE DE CATALOGACIÓN | |
| Centro catalogador/agencia de origen | CAM |
| Lengua de catalogación | spa |
| Centro/agencia transcriptor | CAM |
| 100 1# - ENTRADA PRINCIPAL--NOMBRE DE PERSONA | |
| Nombre de persona | Navarro Gonzalvo, Eduardo, |
| Fechas asociadas al nombre | 1846-1902 |
| Término indicativo de función/relación | Autor |
| 9 (RLIN) | 85134 |
| 245 13 - MENCIÓN DEL TÍTULO | |
| Título | El africano : |
| Resto del título | parodia, hasta cierto punto, de "La africana" : en un acto y cuatro cuadros, en verso / |
| Mención de responsabilidad, etc. | original de Eduardo Navarro Gonzalvo y Ángel de la Guardia ; música de Andrés Vidal y Llimona. |
| 260 ## - PUBLICACIÓN, DISTRIBUCIÓN, ETC. | |
| Lugar de publicación, distribución, etc. | Madrid : |
| Nombre del editor, distribuidor, etc. | Administración Liríco-Dramática, |
| Fecha de publicación, distribución, etc. | 1892 |
| Fabricante | (R. Velasco, imp.) |
| 300 ## - DESCRIPCIÓN FÍSICA | |
| Extensión | 33 páginas ; |
| Dimensiones | 19 cm. |
| 500 ## - NOTA GENERAL | |
| Nota general | En port.: Estrenada en el Teatro Eslava el 5 de noviembre de 1892 |
| 500 ## - NOTA GENERAL | |
| Nota general | Sólo el texto |
| 655 #0 - TERMINO DE INDIZACIÓN--GENERO/FORMA | |
| Datos o término principal de género/forma | Teatro |
| 9 (RLIN) | 234794 |
| 700 1# - ENTRADA AGREGADA--NOMBRE PERSONAL | |
| Nombre de persona | Guardia, Ángel de la |
| Término indicativo de función/relación | Autor |
| 9 (RLIN) | 60305 |
| 700 1# - ENTRADA AGREGADA--NOMBRE PERSONAL | |
| Nombre de persona | Vidal y Llimona, Andrés, |
| Fechas asociadas al nombre | 1844-1912 |
| Término indicativo de función/relación | Músico |
| 9 (RLIN) | 133685 |
| 852 ## - LOCALIZACIÓN | |
| Ubicación | ES-MaACL |
| Ubicación en estantería | Sala Valle Inclán |
| Anotaciones manuscritas | Dedicatoria ms. de Ángel de la Guardia a Manuel de la Fuente y Mondéjar |
| Donativo/Legado | Legado Manuel de la Fuente y Mondéjar |
| Número de control de estantería | D-692(7) |
| Encuadernación | Holandesa, conservando cub. original |
| 942 ## - ELEMENTOS DE ENTRADA SECUNDARIOS (KOHA) | |
| Fuente del sistema de clasificación o colocación | Clasificación decimal universal |
| Tipo de ítem Koha | Libro impreso antiguo |
| Suprimir en OPAC | No |
| Estatus retirado | Estado de pérdida | Fuente del sistema de clasificación o colocación | Estado de daño | No para préstamo | Colección | Biblioteca de origen | Biblioteca actual | Ubicación en estantería | Fecha de adquisición | Fuente de adquisición | Total de préstamos | Signatura topográfica completa | Código de barras | Visto por última vez | Tipo de ítem Koha |
|---|---|---|---|---|---|---|---|---|---|---|---|---|---|---|---|
| Clasificación decimal universal | Libros del s. XIX | Biblioteca del Ateneo de Madrid | Biblioteca del Ateneo de Madrid | Sala Valle Inclán | 17/01/2008 | Legado | D-692(7) | 901168114 | 23/02/2023 | Libro impreso antiguo |
